[Event "Titled Tue 26th Aug Late"]
[Site "chess.com INT"]
[Date "2025.08.26"]
[Round "5"]
[White "Mesquita, Eduardo Barbosa"]
[Black "Goldin, Roman"]
[Result "0-1"]
[BlackTitle "FM"]
[WhiteElo "2060"]
[BlackElo "2284"]
[WhiteFideId "22757163"]
[BlackFideId "2803860"]
[EventDate "2025.08.26"]

1. e4 Nc6 2. Nf3 e5 3. Bb5 a6 4. Ba4 Nf6 5. d3 d6 6. O-O g6 7. Re1 Bg7 8. c3 O-O
9. Nbd2 b5 10. Bb3 Na5 11. Bc2 c5 12. Nf1 Re8 13. a4 b4 14. Bg5 Be6 15. d4 b3
16. Bd3 exd4 17. cxd4 c4 18. Bb1 h6 19. Bh4 g5 20. Nxg5 hxg5 21. Bxg5 Qc7 22. f4
Bg4 23. Qd2 Nh7 24. Bh4 Nc6 25. Bf2 Re7 26. Ne3 Qd7 27. h3 Bxh3 28. gxh3 Qxh3
29. Nxc4 Re6 30. f5 Rh6 31. Bg3 Qxg3+ 32. Qg2 Qxe1+ 0-1

[Event "Titled Tue 26th Aug Late"]
[Site "chess.com INT"]
[Date "2025.08.26"]
[Round "5"]
[White "Beulen, Marcel"]
[Black "Simiyu Jadon"]
[Result "1-0"]
[WhiteTitle "FM"]
[BlackTitle "FM"]
[WhiteElo "2359"]
[BlackElo "2132"]
[WhiteFideId "1001450"]
[BlackFideId "10824014"]
[EventDate "2025.08.26"]

1. e4 c5 2. Nf3 d6 3. Bc4 Nf6 4. d3 e6 5. O-O Be7 6. Bb3 O-O 7. Re1 a6 8. c3 b5
9. Nbd2 Bb7 10. Qe2 h6 11. a3 Nc6 12. Nf1 Rc8 13. Ng3 Re8 14. h3 d5 15. e5 Nd7
16. Bf4 c4 17. Bc2 cxd3 18. Qxd3 Nf8 19. Nh5 Ng6 20. Bg3 d4 21. cxd4 Na5 22. Nf4
Bxf3 23. gxf3 Qc7 24. Rac1 Bg5 25. Nxg6 fxg6 26. Qxg6 Bxc1 27. Rxc1 1-0

[Event "Titled Tue 26th Aug Late"]
[Site "chess.com INT"]
[Date "2025.08.26"]
[Round "5"]
[White "Bulgak, Damir"]
[Black "Nicot, Valentin"]
[Result "1-0"]
[WhiteTitle "CM"]
[BlackTitle "CM"]
[WhiteElo "2254"]
[BlackElo "2140"]
[WhiteFideId "13528882"]
[BlackFideId "651002477"]
[EventDate "2025.08.26"]

1. e4 g6 2. h4 d5 3. e5 h5 4. d4 Bg7 5. c4 c5 6. dxc5 d4 7. Nf3 Nc6 8. Bf4 Bg4
9. Nbd2 Nh6 10. Bd3 Nf5 11. Qe2 Qa5 12. a3 O-O 13. O-O Nxh4 14. b4 Qd8 15. Be4
Qd7 16. Qd3 Nxf3+ 17. Nxf3 Bxf3 18. Qxf3 Nxe5 19. Bxe5 Bxe5 20. Bxb7 Rab8 21. c6
Qc7 22. c5 Bg7 23. Rab1 e5 24. b5 Qe7 25. b6 e4 26. Qh3 Qxc5 27. Rfc1 Qa5 28. c7
axb6 29. cxb8=Q Rxb8 30. Bxe4 1-0

[Event "Titled Tue 26th Aug Late"]
[Site "chess.com INT"]
[Date "2025.08.26"]
[Round "5"]
[White "Kona, Vidip"]
[Black "Sheehan, Ethan"]
[Result "1-0"]
[WhiteElo "2145"]
[BlackElo "2323"]
[WhiteFideId "30990440"]
[BlackFideId "30943965"]
[EventDate "2025.08.26"]

1. Nf3 Nf6 2. c4 c5 3. g3 Nc6 4. Bg2 d5 5. cxd5 Nxd5 6. Nc3 Nc7 7. O-O e5 8. d3
Be7 9. Be3 O-O 10. Rc1 f6 11. a3 Be6 12. Na4 b6 13. b4 Nd4 14. Nxd4 cxd4 15.
Bxa8 Nxa8 16. Bd2 Qd7 17. Qc2 Bd5 18. Nb2 Bd6 19. Nc4 Rc8 20. Qb2 Bc7 21. Rc2 e4
22. Qxd4 exd3 23. exd3 Qf7 24. Rfc1 Re8 25. Ne3 Bf3 26. Qc4 Be5 27. Qxf7+ Kxf7
28. Rc8 Re7 29. Nc4 Bd4 30. Be3 Bxe3 31. Nxe3 Rd7 32. R8c3 b5 33. Kf1 Nb6 34.
Rc7 Ke6 35. Rxd7 Kxd7 36. Ke1 g6 37. Kd2 Kd6 38. Rc5 a6 39. Nc2 Nd7 40. Rc8 Bb7
41. Rh8 h5 42. f4 Ke7 43. Rh7+ Ke6 44. Nd4+ Kd6 45. Rg7 f5 46. Rxg6+ 1-0

[Event "Titled Tue 26th Aug Late"]
[Site "chess.com INT"]
[Date "2025.08.26"]
[Round "5"]
[White "Aalto, Patrik"]
[Black "Abramor, Franco"]
[Result "1-0"]
[WhiteTitle "FM"]
[WhiteElo "2335"]
[BlackElo "2151"]
[WhiteFideId "510726"]
[BlackFideId "181633"]
[EventDate "2025.08.26"]

1. c4 Nf6 2. g3 g6 3. Bg2 Bg7 4. d4 O-O 5. Nf3 c6 6. O-O d6 7. Nc3 Bg4 8. h3
Bxf3 9. exf3 Nbd7 10. Re1 e5 11. dxe5 dxe5 12. f4 Re8 13. Be3 exf4 14. Bxf4
Rxe1+ 15. Qxe1 Nc5 16. Rd1 Qe8 17. Qd2 Nfe4 18. Nxe4 Nxe4 19. Qc2 Nc5 20. b4 Ne6
21. Be3 a6 22. a4 h5 23. h4 Bf6 24. a5 Kg7 25. Rd3 Rd8 26. Qd2 Rxd3 27. Qxd3 g5
28. hxg5 Bxg5 29. f4 Bf6 30. b5 cxb5 31. cxb5 Qd8 32. Qxd8 Nxd8 33. Bxb7 axb5
34. a6 1-0

[Event "Titled Tue 26th Aug Late"]
[Site "chess.com INT"]
[Date "2025.08.26"]
[Round "5"]
[White "Alazmi, Amani"]
[Black "Almagro Mazariegos, Sebastian"]
[Result "0-1"]
[WhiteTitle "WCM"]
[BlackTitle "FM"]
[WhiteElo "1745"]
[BlackElo "2259"]
[WhiteFideId "10303553"]
[BlackFideId "2221640"]
[EventDate "2025.08.26"]

1. c4 c5 2. Nf3 Nc6 3. d4 cxd4 4. Nxd4 g6 5. g3 Bg7 6. Nxc6 bxc6 7. Bg2 Nf6 8.
Nc3 O-O 9. O-O Rb8 10. b3 d5 11. Bf4 Rb6 12. cxd5 Nxd5 13. Nxd5 cxd5 14. Rc1 e5
15. Bd2 Ra6 16. a4 Be6 17. Bb4 Re8 18. Re1 e4 19. e3 f5 20. Bf1 Rb6 21. Ba5 d4
22. Bxb6 Qxb6 23. exd4 Bxd4 24. Re2 Bxb3 25. Qd2 e3 26. fxe3 Rxe3 27. Kg2 Bd5+
28. Kh3 Be6 29. Rxe3 Bxe3 30. Qc2 Bxc1 31. Qxc1 f4+ 32. g4 Qf2 33. Qc2 Qxc2 0-1

[Event "Titled Tue 26th Aug Late"]
[Site "chess.com INT"]
[Date "2025.08.26"]
[Round "5"]
[White "Heinichen R., John Derek"]
[Black "Dylag, Emilia"]
[Result "1-0"]
[WhiteTitle "CM"]
[BlackTitle "WFM"]
[WhiteElo "1966"]
[BlackElo "2078"]
[WhiteFideId "3700976"]
[BlackFideId "21805172"]
[EventDate "2025.08.26"]

1. e4 c5 2. Nf3 d6 3. d4 cxd4 4. Nxd4 Nf6 5. Nc3 a6 6. Bg5 Nbd7 7. f4 Qc7 8. Qf3
h6 9. Bh4 e6 10. O-O-O b5 11. e5 Bb7 12. Qh3 dxe5 13. Nxe6 fxe6 14. Qxe6+ Be7
15. Bxb5 axb5 16. Nxb5 Qc6 17. Nd6+ Kd8 18. fxe5 Rf8 19. Rhe1 g5 20. exf6 Bxf6
21. Bg3 Ra6 22. Nxb7+ Qxb7 23. Rxd7+ Qxd7 24. Qxa6 Rf7 25. Qa8+ Qc8 26. Re8+
Kxe8 27. Qxc8+ Ke7 28. a4 1-0

[Event "Titled Tue 26th Aug Late"]
[Site "chess.com INT"]
[Date "2025.08.26"]
[Round "5"]
[White "Peek, Maurice"]
[Black "Young, Cohen"]
[Result "1-0"]
[WhiteTitle "IM"]
[BlackTitle "CM"]
[WhiteElo "2381"]
[BlackElo "2030"]
[WhiteFideId "1004239"]
[BlackFideId "4317440"]
[EventDate "2025.08.26"]

1. d4 Nf6 2. c4 e6 3. g3 d5 4. Bg2 dxc4 5. Nf3 Bd7 6. Ne5 Bc6 7. Nxc6 Nxc6 8. e3
Qd7 9. O-O O-O-O 10. a4 h5 11. Nd2 h4 12. Nxc4 hxg3 13. hxg3 e5 14. Qb3 exd4 15.
Ne5 Qf5 16. Nxc6 bxc6 17. Bxc6 Rd6 18. Qb7+ Kd8 19. exd4 Qh3 20. Qb8+ Qc8 21.
Qxc8+ Kxc8 22. Bg2 Rxd4 23. Be3 Rd8 24. Bxa7 Bd6 25. a5 Be5 26. a6 Rd6 27. Bc5
Rd2 28. a7 Kd7 29. Rfd1 Rxd1+ 30. Rxd1+ Ke6 31. Bh3+ Ng4 32. Bxg4+ f5 33. Bf3 1-0

[Event "Titled Tue 26th Aug Late"]
[Site "chess.com INT"]
[Date "2025.08.26"]
[Round "5"]
[White "Fuentes, Agustin"]
[Black "Leiva, Gianmarco"]
[Result "1-0"]
[BlackTitle "IM"]
[WhiteElo "1924"]
[BlackElo "2379"]
[WhiteFideId "140040"]
[BlackFideId "3804399"]
[EventDate "2025.08.26"]

1. e4 c5 2. Nf3 d6 3. d4 cxd4 4. Nxd4 Nf6 5. Nc3 a6 6. h3 e5 7. Nb3 h6 8. Be3
Be7 9. g4 Qc7 10. a4 Nc6 11. Qd2 Na5 12. Nxa5 Qxa5 13. Bg2 Be6 14. O-O Rc8 15.
Rad1 Rc6 16. Rfe1 Bd8 17. Nd5 Qxa4 18. b3 Qa5 19. Nxf6+ Bxf6 20. Qxa5 Rxc2 21.
Rxd6 O-O 22. Rd2 Rc6 23. Qa1 Be7 24. Rc1 Rxc1+ 25. Qxc1 a5 26. Qc7 Bb4 27. Rd8
Rxd8 28. Qxd8+ Kh7 29. Qb6 Bxb3 30. Qxb7 Be6 31. Bb6 a4 32. Bc7 Bc3 33. Bd6 Bb3
34. Bf1 Kg6 35. Bb5 Kg5 36. Qc6 Kf4 37. Bxa4 Bxa4 38. Qxa4 Bd4 39. Qc2 Kf3 40.
Qd3+ Kf4 41. Qxd4 Kg5 42. Qxe5+ f5 43. Qxf5+ Kh4 44. Qh5# 1-0

[Event "Titled Tue 26th Aug Late"]
[Site "chess.com INT"]
[Date "2025.08.26"]
[Round "5"]
[White "Adharsh K"]
[Black "Krzywda, Andrzej"]
[Result "1-0"]
[WhiteTitle "FM"]
[BlackTitle "CM"]
[WhiteElo "2346"]
[BlackElo "2149"]
[WhiteFideId "25718207"]
[BlackFideId "1114565"]
[EventDate "2025.08.26"]

1. Nf3 c5 2. g3 d5 3. Bg2 Nc6 4. d4 Nf6 5. O-O e6 6. b3 b6 7. Bb2 Bb7 8. Nbd2
Be7 9. dxc5 bxc5 10. c4 d4 11. Ne5 Qc7 12. Nd3 e5 13. e3 O-O 14. exd4 cxd4 15.
Re1 Nd7 16. f4 f6 17. fxe5 Ndxe5 18. Nxe5 fxe5 19. Qg4 Rae8 20. Rf1 Nb4 21. Bxb7
Qxb7 22. Qe6+ Kh8 23. Qxe5 Nd3 24. Qe6 Nxb2 25. Rae1 Nd3 26. Rxf8+ Rxf8 27. Qxe7
Qa8 28. Rf1 Re8 29. Qd6 Ne5 30. Qxd4 h6 31. Qe4 Qd8 32. Qd5 Qb6+ 33. c5 Qb4 34.
Ne4 Qa3 35. Nd6 Re7 36. Rf8+ Kh7 37. Qg8+ 1-0

[Event "Titled Tue 26th Aug Late"]
[Site "chess.com INT"]
[Date "2025.08.26"]
[Round "5"]
[White "Beznosov, Timofey"]
[Black "Leitgeb, Julian"]
[Result "0-1"]
[WhiteTitle "CM"]
[BlackTitle "FM"]
[WhiteElo "2131"]
[BlackElo "2311"]
[WhiteFideId "34497951"]
[BlackFideId "1663771"]
[EventDate "2025.08.26"]

1. a3 g6 2. e3 Bg7 3. d4 Nf6 4. Nf3 O-O 5. c4 d6 6. Nc3 Bf5 7. Bd3 Bxd3 8. Qxd3
Nbd7 9. O-O Qe8 10. d5 e5 11. Qc2 h6 12. e4 Nh7 13. Nd2 f5 14. b4 f4 15. Nb5 Qd8
16. Nb3 f3 17. g3 a6 18. Nc3 Qc8 19. Qd3 Nc5 20. bxc5 Qh3 21. Qxf3 Rxf3 22. Be3
Ng5 23. c6 bxc6 24. dxc6 Raf8 25. Nd2 R3f7 26. Nd5 Qg4 27. Rae1 h5 28. Bxg5 Qxg5
29. Re3 Bh6 30. h4 Qg4 31. Rd3 Bxd2 32. Rxd2 g5 33. hxg5 Qxg5 34. Kg2 Qxd2 0-1

[Event "Titled Tue 26th Aug Late"]
[Site "chess.com INT"]
[Date "2025.08.26"]
[Round "5"]
[White "Paichadze, Luka"]
[Black "Banzea, Alexandru-Bogdan"]
[Result "1/2-1/2"]
[WhiteTitle "GM"]
[BlackTitle "IM"]
[WhiteElo "2520"]
[BlackElo "2394"]
[WhiteFideId "13602934"]
[BlackFideId "1232622"]
[EventDate "2025.08.26"]

1. e4 c6 2. d4 d5 3. e5 Bf5 4. h4 a6 5. g4 Bd7 6. f4 h5 7. f5 e6 8. fxe6 Bxe6 9.
g5 g6 10. Ne2 Ne7 11. Nf4 Nf5 12. Bh3 Be7 13. Nxe6 fxe6 14. Bxf5 exf5 15. Nc3
Nd7 16. Ne2 Nf8 17. Nf4 Kf7 18. Rf1 Ne6 19. Nxe6 Kxe6 20. c3 c5 21. dxc5 Bxc5
22. Bf4 b5 23. Qb3 Qb6 24. O-O-O Rhd8 25. Rf3 Rd7 26. Rfd3 Qc6 27. Kb1 a5 28. a3
Bb6 29. Be3 Qc4 30. Qc2 Bxe3 31. Rxe3 Rc8 32. Rd4 Qxd4 33. cxd4 Rxc2 34. Kxc2
Rc7+ 35. Kd2 Rc4 36. Rd3 b4 37. b3 Rc6 38. a4 Rc7 39. Rf3 Rc6 40. Re3 Rc7 41.
Re1 Rc6 42. Rd1 Rc3 43. Rc1 Rxc1 44. Kxc1 Kd7 45. Kd2 Ke6 46. Ke2 Ke7 47. Kf3
Ke6 48. Kf4 Ke7 49. Kf3 Ke6 50. Kf4 Ke7 51. Kf3 1/2-1/2

[Event "Titled Tue 26th Aug Late"]
[Site "chess.com INT"]
[Date "2025.08.26"]
[Round "5"]
[White "Bogaudinov, Rushan"]
[Black "Bluebaum, Matthias"]
[Result "0-1"]
[WhiteTitle "FM"]
[BlackTitle "GM"]
[WhiteElo "1912"]
[BlackElo "2660"]
[WhiteFideId "4129288"]
[BlackFideId "24651516"]
[EventDate "2025.08.26"]

1. e4 e6 2. Nf3 d5 3. exd5 exd5 4. d4 Nc6 5. Bd3 Nb4 6. O-O Nxd3 7. Qxd3 Bd6 8.
Re1+ Ne7 9. Bg5 f6 10. Bh4 O-O 11. Bg3 Bf5 12. Qb3 b6 13. Nc3 c6 14. a4 Rb8 15.
Re2 Kh8 16. Rae1 Ng6 17. Nh4 Nxh4 18. Bxh4 Bg4 19. f3 Bf5 20. Bg3 h5 21. Bxd6
Qxd6 22. Re7 h4 23. h3 Bxh3 24. gxh3 Qg3+ 25. Kh1 Qxh3+ 26. Kg1 Qg3+ 27. Kh1 h3
28. Rg1 Qxf3+ 29. Kh2 Rbe8 30. Rexg7 Qf2+ 31. Kh1 h2 32. R1g2 Re1+ 33. Rg1 Rxg1+ 0-1

[Event "Titled Tue 26th Aug Late"]
[Site "chess.com INT"]
[Date "2025.08.26"]
[Round "5"]
[White "Jimenez Salas, Maria Teresa"]
[Black "Ferrara, Enzo"]
[Result "0-1"]
[WhiteTitle "WIM"]
[WhiteElo "2249"]
[BlackElo "2138"]
[WhiteFideId "3843866"]
[BlackFideId "137731"]
[EventDate "2025.08.26"]

1. e4 e6 2. d4 d5 3. Nc3 Bb4 4. e5 c5 5. Qg4 Ne7 6. dxc5 Bxc3+ 7. bxc3 Nbc6 8.
Nf3 Qa5 9. Bd2 Nf5 10. Bd3 Nce7 11. Qb4 Qc7 12. O-O Nc6 13. Qg4 h5 14. Qf4 Nce7
15. Rfe1 Bd7 16. Rab1 Rb8 17. Qb4 Nc6 18. Qa3 Na5 19. c4 Nxc4 20. Bxc4 dxc4 21.
Qxa7 Bc6 22. Nd4 Nxd4 23. Be3 Nxc2 24. Re2 Nxe3 25. Rxe3 Rd8 26. h4 Qe7 27. Rg3
Qxh4 28. Rxg7 Qe4 29. Rf1 Qxe5 30. Rg3 h4 31. Rh3 Rg8 32. f3 Qe2 33. Rf2 Rd1+
34. Kh2 Qxf2 35. Qb8+ Rd8 36. Qe5 Qxg2# 0-1

[Event "Titled Tue 26th Aug Late"]
[Site "chess.com INT"]
[Date "2025.08.26"]
[Round "5"]
[White "Chahin Godoy, Angel Eduardo"]
[Black "Baches Garcia, Guillermo"]
[Result "0-1"]
[WhiteTitle "CM"]
[BlackTitle "IM"]
[WhiteElo "2002"]
[BlackElo "2305"]
[WhiteFideId "8404925"]
[BlackFideId "2209764"]
[EventDate "2025.08.26"]

1. e4 e6 2. d4 d5 3. Nc3 Nf6 4. Bg5 h6 5. Bxf6 Qxf6 6. Nf3 Bb4 7. e5 Qd8 8. a3
Be7 9. Ne2 b6 10. c3 c5 11. Ng3 Ba6 12. Bxa6 Nxa6 13. Qa4+ Qd7 14. Qxa6 c4 15.
Nh5 O-O 16. a4 b5 17. axb5 Rfb8 18. O-O Rxb5 19. Qa4 a5 20. Qc2 Qb7 21. Rab1 Rb8
22. Qd2 Rxb2 23. Rxb2 Qxb2 24. Qf4 Qxc3 25. Qg4 Bf8 26. Nh4 Qd3 27. h3 c3 28.
Nf6+ Kh8 29. Nd7 Rb1 30. Rxb1 Qxb1+ 31. Kh2 c2 32. Nxf8 c1=Q 33. Nfg6+ fxg6 34.
Nxg6+ Kh7 35. Nf8+ Kg8 36. Nxe6 Qh1+ 37. Kg3 Qd3+ 38. f3 Qe1+ 39. Kf4 Qde3+ 40.
Kf5 Qb1+ 0-1

[Event "Titled Tue 26th Aug Late"]
[Site "chess.com INT"]
[Date "2025.08.26"]
[Round "5"]
[White "Niemann, Hans Moke"]
[Black "Kravtsiv, Martyn"]
[Result "1-0"]
[WhiteTitle "GM"]
[BlackTitle "GM"]
[WhiteElo "2736"]
[BlackElo "2598"]
[WhiteFideId "2093596"]
[BlackFideId "14113147"]
[EventDate "2025.08.26"]

1. e4 e5 2. Nf3 Nc6 3. Bc4 Nf6 4. d3 Bc5 5. Nc3 h6 6. h3 a6 7. a4 d6 8. Be3 O-O
9. Bxc5 dxc5 10. Nd5 Be6 11. Ne3 Bxc4 12. Nxc4 Re8 13. a5 b5 14. axb6 cxb6 15.
O-O b5 16. Ne3 g6 17. c3 Kg7 18. Qc2 a5 19. Rfd1 a4 20. Qe2 Qd7 21. Kh2 Qe6 22.
g3 Red8 23. Kg2 Rd7 24. Nh2 h5 25. Nf3 Rad8 26. Rd2 Na5 27. Re1 Nb3 28. Rdd1 Ra8
29. Ng5 Qe7 30. f4 a3 31. bxa3 Rxa3 32. Qb2 Rda7 33. Nc2 c4 34. Nxa3 Rxa3 35.
dxc4 bxc4 36. fxe5 Nd7 37. Nf3 Ra5 38. Rd5 Ra7 39. Qe2 Nb6 40. Rb5 Qc7 41. e6
fxe6 42. Rg5 Qc6 43. Rxg6+ 1-0

[Event "Titled Tue 26th Aug Late"]
[Site "chess.com INT"]
[Date "2025.08.26"]
[Round "5"]
[White "Motola, Jacopo"]
[Black "Tang, Zoey"]
[Result "0-1"]
[WhiteTitle "FM"]
[BlackTitle "FM"]
[WhiteElo "2333"]
[BlackElo "2381"]
[WhiteFideId "863190"]
[BlackFideId "30952530"]
[EventDate "2025.08.26"]

1. b3 e5 2. Bb2 Nc6 3. e3 d5 4. Bb5 Bd6 5. Nf3 Qe7 6. c4 dxc4 7. Bxc4 Nf6 8. d3
O-O 9. Nbd2 a6 10. d4 exd4 11. Nxd4 Ne5 12. Be2 c5 13. N4f3 Bf5 14. O-O Rad8 15.
Nxe5 Bxe5 16. Qc1 Bxh2+ 17. Kxh2 Qd6+ 18. Kg1 Qxd2 19. Bxf6 gxf6 20. Bf3 Qxc1
21. Rfxc1 b6 22. b4 cxb4 23. Rc6 Rb8 24. Rxf6 Bg6 25. Be2 a5 26. Rc1 Rfc8 27.
Rfc6 Rxc6 28. Rxc6 Be4 29. Rd6 Rc8 30. Rxb6 Rc2 31. Bh5 Bg6 32. Bf3 Rxa2 33. Bd5
Ra1+ 34. Kh2 Kg7 35. Kg3 Rb1 36. f4 a4 37. e4 b3 38. Kg4 h5+ 39. Kg5 Rg1 40. e5
a3 41. Bxb3 a2 42. Bxa2 Rxg2+ 43. Kh4 Rxa2 44. Rf6 Rh2+ 45. Kg3 Re2 46. f5 Rxe5
47. fxg6 Kxf6 0-1

[Event "Titled Tue 26th Aug Late"]
[Site "chess.com INT"]
[Date "2025.08.26"]
[Round "5"]
[White "Kurpiewski, Slawomir"]
[Black "Alvarado, Carlos"]
[Result "0-1"]
[WhiteTitle "CM"]
[BlackTitle "CM"]
[WhiteElo "1973"]
[BlackElo "2032"]
[WhiteFideId "1114530"]
[BlackFideId "3800555"]
[EventDate "2025.08.26"]

1. f4 g6 2. Nf3 Bg7 3. g3 d5 4. d3 Nh6 5. Bg2 O-O 6. O-O Nc6 7. c3 d4 8. e4 dxe3
9. Bxe3 Nf5 10. Bf2 h5 11. d4 Be6 12. Ng5 Bd5 13. Ne4 e6 14. Nbd2 Nd6 15. Nc5
Bxg2 16. Kxg2 b6 17. Nd3 Ne7 18. Qf3 Ndf5 19. h3 Qd5 20. g4 hxg4 21. hxg4 Nh6
22. Kh3 Rad8 23. Qxd5 Nxd5 24. Rae1 c5 25. dxc5 Nxc3 26. bxc3 Rxd3+ 27. Be3 Bxc3
28. Nc4 f5 29. c6 Bxe1 30. Rxe1 Nxg4 31. Kh4 b5 32. Bc5 bxc4 33. Bxf8 Rd8 34.
Bd6 Rc8 35. c7 Kf7 36. Rb1 Ke8 37. Kg5 Kd7 0-1

[Event "Titled Tue 26th Aug Late"]
[Site "chess.com INT"]
[Date "2025.08.26"]
[Round "5"]
[White "Rabin, Evan"]
[Black "Montano Vicente, Guadalupe"]
[Result "1-0"]
[WhiteElo "1945"]
[BlackElo "1990"]
[WhiteFideId "2028670"]
[BlackFideId "5181399"]
[EventDate "2025.08.26"]

1. e4 c5 2. Nf3 d6 3. d4 cxd4 4. Nxd4 Nf6 5. Nc3 a6 6. Be3 e5 7. Nb3 Be6 8. f4
exf4 9. Bxf4 Nc6 10. Qd2 Ne5 11. Be2 Be7 12. O-O-O Qc7 13. Nd4 O-O 14. Nxe6 fxe6
15. Rhf1 b5 16. h3 Rac8 17. a3 Qa5 18. Kb1 b4 19. axb4 Qxb4 20. Nd5 Nxd5 21.
exd5 Rxf4 22. Rxf4 Qxd2 23. Rxd2 Bg5 24. Rfd4 Bxd2 25. Rxd2 exd5 26. Rxd5 Rc6
27. Ra5 Nc4 28. Bxc4+ Rxc4 29. Rxa6 Rd4 30. Rc6 Kf7 31. Rc3 Ke6 32. Rd3 Rb4 33.
b3 g6 34. Kb2 h5 35. c3 Rb7 36. b4 d5 37. Kb3 g5 38. Re3+ Kf6 39. c4 dxc4+ 40.
Kxc4 Rc7+ 41. Kb5 Rc1 42. Re2 Rb1 43. Kc5 Rc1+ 44. Kb6 Rb1 45. b5 Kf5 46. Kc6
Kf4 47. b6 1-0

[Event "Titled Tue 26th Aug Late"]
[Site "chess.com INT"]
[Date "2025.08.26"]
[Round "5"]
[White "Rorrer, Grayson"]
[Black "Hungaski, Robert"]
[Result "1/2-1/2"]
[WhiteTitle "IM"]
[BlackTitle "GM"]
[WhiteElo "2426"]
[BlackElo "2477"]
[WhiteFideId "30944996"]
[BlackFideId "2021030"]
[EventDate "2025.08.26"]

1. c4 e5 2. a3 f5 3. Nc3 Nc6 4. e3 Nf6 5. g3 e4 6. f4 g6 7. d3 exd3 8. Bxd3 Bg7
9. Nf3 O-O 10. O-O b6 11. Qc2 Bb7 12. e4 fxe4 13. Nxe4 Nxe4 14. Bxe4 Nd4 15.
Nxd4 Bxd4+ 16. Kg2 Qc8 17. Bd2 c5 18. Rae1 Bxe4+ 19. Qxe4 Bxb2 20. Qd5+ Kh8 21.
Re7 Qc6 22. Rxd7 Qxd5+ 23. Rxd5 Rad8 24. Rb1 Rxd5 25. cxd5 Bd4 26. Kf3 Re8 27.
a4 Kg7 28. a5 c4 29. axb6 Bxb6 30. Bc3+ Kf7 31. Be5 Rc8 32. Ke4 c3 33. Kd3 c2
34. Rc1 Rd8 35. Ke4 Rc8 36. Kd3 Rd8 37. Ke4 Rc8 38. Kd3 1/2-1/2

[Event "Titled Tue 26th Aug Late"]
[Site "chess.com INT"]
[Date "2025.08.26"]
[Round "5"]
[White "Marn, Jan"]
[Black "Eminov, Orkhan"]
[Result "1-0"]
[WhiteTitle "FM"]
[BlackTitle "FM"]
[WhiteElo "2378"]
[BlackElo "2246"]
[WhiteFideId "14619245"]
[BlackFideId "13402153"]
[EventDate "2025.08.26"]

1. d4 Nf6 2. Nf3 g6 3. c4 Bg7 4. Nc3 c5 5. d5 O-O 6. e4 d6 7. h3 e6 8. Be3 exd5
9. cxd5 Re8 10. Nd2 a6 11. a4 Qa5 12. Bd3 Qb4 13. Qc2 Nbd7 14. O-O Ne5 15. Be2
Rb8 16. a5 b5 17. axb6 Rxb6 18. f4 Ned7 19. Nc4 Rb8 20. Nxd6 Rd8 21. e5 Ne8 22.
Nc4 Nb6 23. Nxb6 Rxb6 24. Na4 Bf5 25. Qc3 Qxc3 26. bxc3 Rbb8 27. c4 Bf8 28. Nxc5
Bg7 29. Nxa6 Rb2 30. Bf3 Bd3 31. Rfc1 f6 32. e6 f5 33. Nc5 Be4 34. Nxe4 fxe4 35.
Bd1 Rb4 36. Rab1 Rxb1 37. Rxb1 Nd6 38. Be2 Rc8 39. c5 Nf5 40. Bf2 e3 41. d6
exf2+ 42. Kxf2 Bd4+ 43. Kf3 Bxc5 44. d7 Rd8 45. Bc4 Kf8 46. g4 Nd4+ 47. Ke4 Ke7
48. f5 gxf5+ 49. gxf5 Rf8 50. Rf1 h5 51. f6+ Kd8 52. e7+ Bxe7 53. fxe7+ Kxe7 54.
Rxf8 Kxd7 55. Rf7+ Ke8 56. Kxd4 h4 57. Rf4 1-0

[Event "Titled Tue 26th Aug Late"]
[Site "chess.com INT"]
[Date "2025.08.26"]
[Round "5"]
[White "Gustafsson, Jan"]
[Black "Zakarian, David"]
[Result "0-1"]
[WhiteTitle "GM"]
[BlackTitle "FM"]
[WhiteElo "2591"]
[BlackElo "2301"]
[WhiteFideId "4625498"]
[BlackFideId "13301276"]
[EventDate "2025.08.26"]

1. d4 a6 2. e4 e6 3. Nf3 b5 4. a4 Bb7 5. Nbd2 b4 6. Bd3 Nf6 7. O-O d6 8. c3 bxc3
9. bxc3 Nbd7 10. Rb1 Rb8 11. Qe2 a5 12. Nc4 Bxe4 13. Rxb8 Qxb8 14. Bxe4 Nxe4 15.
Qxe4 d5 16. Qe2 dxc4 17. Qxc4 Bd6 18. Be3 O-O 19. Nd2 Qb2 20. Rb1 Qc2 21. Qb3
Qxb3 22. Rxb3 Nb6 23. c4 Bb4 24. c5 Nxa4 25. Nc4 Nc3 26. Ne5 Nd5 27. Nc6 Ra8 28.
Kf1 Ra6 29. Nb8 Ra8 30. Nc6 a4 31. Rxb4 Nxb4 32. Nxb4 a3 33. Na2 Rb8 34. Bc1 Rb1
35. Ke2 Ra1 36. Kd3 Rxa2 37. Kc3 Ra1 38. Bf4 Rb1 0-1

[Event "Titled Tue 26th Aug Late"]
[Site "chess.com INT"]
[Date "2025.08.26"]
[Round "5"]
[White "Fernandes, Rogerio Paulo Muller"]
[Black "Shton, Roman"]
[Result "0-1"]
[WhiteElo "2241"]
[BlackElo "2081"]
[WhiteFideId "2101599"]
[BlackFideId "14137461"]
[EventDate "2025.08.26"]

1. c4 e6 2. g3 d5 3. Bg2 dxc4 4. Nf3 Nf6 5. O-O a6 6. a4 c5 7. Qc2 Nc6 8. Qxc4
b5 9. Qc2 Nb4 10. Qd1 Bb7 11. Nc3 Qb6 12. d3 Nbd5 13. axb5 axb5 14. Rxa8+ Bxa8
15. Bd2 Bd6 16. e4 Nxc3 17. Bxc3 Be7 18. Nd2 O-O 19. b3 Rd8 20. Qc2 Nd7 21. Rd1
Bf6 22. Nb1 Ne5 23. h3 Nc6 24. Bxf6 gxf6 25. Rc1 Nd4 26. Qxc5 Qa5 27. Qc7 Nxb3
28. Qxa5 Nxa5 29. Rc5 Rb8 30. d4 Nb3 31. Rc3 Nxd4 32. f4 Ne2+ 33. Kf2 Nxc3 34.
Nxc3 b4 35. Na4 b3 36. Nb2 Rc8 37. Bf1 Rc2+ 0-1

[Event "Titled Tue 26th Aug Late"]
[Site "chess.com INT"]
[Date "2025.08.26"]
[Round "5"]
[White "Kleibel, Uwe"]
[Black "Sobek, Jaroslav"]
[Result "1-0"]
[WhiteTitle "FM"]
[BlackTitle "FM"]
[WhiteElo "2301"]
[BlackElo "2195"]
[WhiteFideId "1270982"]
[BlackFideId "301388"]
[EventDate "2025.08.26"]

1. e4 c5 2. Nf3 a6 3. g3 b5 4. Bg2 Bb7 5. Qe2 Nc6 6. O-O g6 7. c3 Bg7 8. Rd1 e5
9. d4 exd4 10. Bf4 Nge7 11. Bd6 O-O 12. Bxc5 dxc3 13. Nxc3 Re8 14. Qd2 b4 15.
Nd5 Nxd5 16. exd5 Ne5 17. Qxb4 Nxf3+ 18. Bxf3 Rb8 19. Qa3 Qf6 20. Bd4 Qf5 21.
Bxg7 Kxg7 22. Kg2 h5 23. h3 h4 24. g4 Qf4 25. Qc3+ Kg8 26. Qd4 Qd6 27. Rd2 a5
28. Rad1 Ba6 29. a3 Rb3 30. g5 Reb8 31. Qxh4 Rxb2 32. Qd4 Rxd2 33. Rxd2 Qxa3 34.
h4 Qd6 35. h5 1-0